The noble scholar, jurist, historian


 His Excellency Dr. Abdul Wahhab bin Ibrahim Abu Sulaiman, may Allah have mercy on him.


 He was born in Umm Al-Qura in the year 1356 AH.

بدائع المخطوطات القرآنية بالإسكندرية : (Record no. 2471)

MARC details
000 -LEADER
fixed length control field 01290cam a2200277 i 4500
003 - CONTROL NUMBER IDENTIFIER
control field SA-RiAUC
005 - DATE AND TIME OF LATEST TRANSACTION
control field 20241118141719.0
008 - FIXED-LENGTH DATA ELEMENTS--GENERAL INFORMATION
fixed length control field 241116s1997 ua g bc 00000 ara c
040 ## - CATALOGING SOURCE
Original cataloging agency SA-RiAUC
Language of cataloging ara
Transcribing agency SA-RiAUC
Description conventions rda
043 ## - GEOGRAPHIC AREA CODE
Geographic area code f-ua---
082 04 - DEWEY DECIMAL CLASSIFICATION NUMBER
Classification number 016.2100962
090 ## - LOCALLY ASSIGNED LC-TYPE CALL NUMBER (OCLC); LOCAL CALL NUMBER (RLIN)
Classification number (OCLC) (R) ; Classification number, CALL (RLIN) (NR) 016.2100962
Local cutter number (OCLC) ; Book number/undivided call number, CALL (RLIN) م ك ت
110 2# - MAIN ENTRY--CORPORATE NAME
Corporate name or jurisdiction name as entry element مكتبة الإسكندرية.
Subordinate unit الهيئة العامة
Relator term مؤلف.
245 10 - TITLE STATEMENT
Title بدائع المخطوطات القرآنية بالإسكندرية :
Remainder of title Quranic manuscripts in Alexandria : مكتبة البلدية-مكتبة أبي العباس المرسي /
Statement of responsibility, etc. الهيئة العامة لمكتبة الإسكندرية.
246 31 - VARYING FORM OF TITLE
Title proper/short title Quranic manuscripts in Alexandria
264 #1 - PRODUCTION, PUBLICATION, DISTRIBUTION, MANUFACTURE, AND COPYRIGHT NOTICE
Place of production, publication, distribution, manufacture الإسكندرية، مصر :
Name of producer, publisher, distributor, manufacturer الهيئة العامة لمكتبة الإسكندرية،
Date of production, publication, distribution, manufacture, or copyright notice 1997
300 ## - PHYSICAL DESCRIPTION
Extent 62 صفحة ؛
Dimensions 22 سم.
336 ## - CONTENT TYPE
Content type term نص
Content type code txt
Source rdacontent
Materials specified كتاب
337 ## - MEDIA TYPE
Media type term بدون وسيط
Media type code n
Source rdamedia
338 ## - CARRIER TYPE
Carrier type term مجلد
Carrier type code nc
Source rdacarrier
490 ## - SERIES STATEMENT
Series statement الهيئة العامة لمكتبة الاسكندرية
610 27 - SUBJECT ADDED ENTRY--CORPORATE NAME
Corporate name or jurisdiction name as entry element مكتبة بلدية الإسكندرية
General subdivision مخطوطات
Form subdivision فهارس
Source of heading or term aucnm
630 27 - SUBJECT ADDED ENTRY--UNIFORM TITLE
Uniform title القرآن
Form subdivision مخطوطات
Source of heading or term aucut
942 ## - ADDED ENTRY ELEMENTS (KOHA)
Source of classification or shelving scheme Dewey Decimal Classification
Koha item type Books
Suppress in OPAC No
949 ## - LOCAL PROCESSING INFORMATION (OCLC)
a SA-JeALM
d 241116
u mohamedma123
n 1
Holdings
Withdrawn status Lost status Source of classification or shelving scheme Damaged status Not for loan Home library Current library Date acquired Total checkouts Full call number Barcode Date last seen Price effective from Koha item type
    Dewey Decimal Classification     DR AbdElwahab Library DR AbdElwahab Library 11/18/2024   016.2100962 م ك ت 000003928 11/18/2024 11/18/2024 Books